El doctor Oceano ; estudios sobre don Pedro de Peralta Barnuevo.

Bibliographic Details
Main Author: Sánchez, Luis Alberto, 1900-1994
Format: Book
Language:Spanish
Published: Lima : Universidad Nacional Mayor de San Marcos, [1967]
Subjects:

MARC

Tag First Indicator Second Indicator Subfields
LEADER 00000cam a2200000 4500
001 in00000230374
005 20151009071103.0
008 730321s1967 pe ch b 00000 spa
010 |a  68081598  
025 |a LACAP 67-4427 
035 |a (OCoLC)00585496 
035 |9 AAY6933AM 
040 |c OUN  |d TXA  |d UtOrBLW 
049 |a TXAM  |c [913465] 
050 0 |a F3444.P39  |b S2 
082 0 |a 985/.03/0924 
100 1 |a Sánchez, Luis Alberto,  |d 1900-1994. 
245 1 3 |a El doctor Oceano ;  |b estudios sobre don Pedro de Peralta Barnuevo. 
264 1 |a Lima :  |b Universidad Nacional Mayor de San Marcos,  |c [1967] 
300 |a 338 pages :  |b facsimiles, color portrait ;  |c 25 cm. 
336 |a text  |b txt  |2 rdacontent 
337 |a unmediated  |b n  |2 rdamedia 
338 |a volume  |b nc  |2 rdacarrier 
504 |a Bibliographical footnotes. 
504 |a "Fichas bibliograficas [de la obra de Peralta]": pages [285]-326. 
600 1 0 |a Peralta Barnuevo, Pedro de,  |d 1663-1743. 
999 |a MARS 
999 f f |s abde7bb2-80cf-364f-97e4-391645ebdcdd  |i bffc5969-b13f-3e63-a044-6f89f38133ec  |t 0 
952 f f |p ric  |a Texas A&M University  |b Rellis Campus  |c Joint Library Facility  |d Remote Storage  |t 0  |e F3444.P39 S2  |h Library of Congress classification  |i unmediated -- volume  |m A14802374444 
998 f f |a F3444.P39 S2  |t 0  |l Remote Storage